[Event "OPEN CONDOM 2022"]
[Site "Condom"]
[Date "2022.07.16"]
[Round "9.12"]
[White "Laccore, Henri"]
[Black "Trouve, Ethan"]
[Result "0-1"]
[WhiteElo "1249"]
[BlackElo "1094"]
[PlyCount "122"]
[EventDate "2022.??.??"]
[WhiteTeam "LEC Echiquier Limousin"]
[BlackTeam "Echiquier Agenais"]

1. d4 Nf6 2. c4 e6 3. Nf3 d5 4. cxd5 exd5 5. Nc3 Bf5 6. Bg5 Bb4 7. Bxf6 Qxf6 8.
a3 Bxc3+ 9. bxc3 c6 10. e3 Nd7 11. Bd3 O-O 12. Bxf5 Qxf5 13. O-O Nf6 14. Qb1
Qxb1 15. Raxb1 b6 16. Rb2 Rac8 17. Rc2 b5 18. Rfc1 Nd7 19. Kf1 Nb6 20. Nd2 a5
21. Nb3 a4 22. Nc5 Rfd8 23. g4 Nd7 24. f4 Nxc5 25. dxc5 Kf8 26. h4 Re8 27. Kf2
g6 28. g5 Re4 29. h5 Rc4 30. hxg6 fxg6 31. Rf1 Rxc5 32. f5 Rc7 33. fxg6 hxg6
34. Ke1+ Rf7 35. Rxf7+ Kxf7 36. Kd2 Rc4 37. Rc1 Ke7 38. Rf1 Re4 39. Rf6 Re6 40.
Rf1 Kd6 41. Kd3 c5 42. Rb1 c4+ 43. Kd2 Kc5 44. Rf1 Re5 45. Rg1 Rf5 46. Ke2 Kd6
47. Rg4 Re5 48. Rg1 Ke6 49. Rh1 Rf5 50. Rh8 Kd6 51. Rb8 d4 52. Rd8+ Kc7 53.
Rxd4 Rxg5 54. Kf2 Kc6 55. Rd8 Rd5 56. Rc8+ Kd7 57. Rg8 Rd3 58. Rxg6 Rxc3 59.
Rb6 Rb3 60. Rb7+ Kc6 61. Re7 Rxa3 0-1